000 00627nam a2200205Ia 4500
001 4938
003 GE_BSU
008 181216s||||||||xx |||||||||||||| ||und||
040 _cGE_BSU
080 _a514.77
100 _aБессе,А.
245 _aМногообразия с замкнутыми геодезическими.
245 _cПод. ред. В.М. Алексеева.Пер с Английского.
260 _aМоска
260 _bМир
260 _c1981
300 _a325 с. 22 см.
653 _aМногообразия с замкнутыми геодезическими.
942 _cBK
999 _c38686
_d38686